Josef Vaněk: Neoprávnený majetkový prospech

Bibliographic Details
Main Authors: Vozár, Jozef, 1967- (Author), Vaněk, Josef (Author)
Format: Article
Language:Slovak
Subjects:

MARC

LEADER 00000nab a2200000 a 4500
001 vtls000406291
003 SK-MaSNL
005 20260303210819.0
008 160202c1990 xo 0 slo
015 |a SNBRB19rr/mm-uuuuu 
035 |a CL0406415 
040 |a SNKBUCL  |b slo  |c SNKBUCL  |e AACR2 
041 0 |a slo 
044 |a xo  |c SK 
080 |a 347.232  |2 1981 
100 1 |a Vozár, Jozef,  |d 1967-  |4 aut  |9 119570 
245 1 0 |a Josef Vaněk: Neoprávnený majetkový prospech  |c Jozef Vozár 
650 0 7 |a občianske právo  |2 snkbucl  |9 981 
650 0 7 |a pracovné právo  |2 snkbucl  |9 982 
650 0 7 |a neoprávnený majetkový prospech  |2 snkbucl  |9 449187 
655 7 |a články z novín a časopisov  |2 snkbucl  |9 267496 
700 1 |a Vaněk, Josef  |4 aut  |9 449186 
773 0 |t Právny obzor  |g Roč. 73, č. 7 (1990), s. 647-650 
787 0 8 |i Rec.:  |a Vaněk, Josef  |t Neoprávnený majetkový prospech  |d Bratislava : Obzor, 1989 
850 |a Slovenská národná knižnica v Martine  |a MTA001 
852 |a SNK  |b KIS3GCP 
958 |a RK 
958 |a CZ 
992 |a RBX 
999 |c 2201898  |d 2203828